00424 2200169 4500001002100000005001500021008004100036020002200077035001900099041000700118082001000125090001600135100001900151245002900170260002800199300002700227INLIS00000000002522920241224131901241224||||||||| | ||| |||| || |  a978-623-206-034-0 0010-1224025229 aid0 a741.5 a741.5 YOV t0 aYovita Siswati00aTeruslah Berjalan, Don ! aSolobTiga Anandac2019 a32 hlm. : ill. ; 24 cm